| 000 | 00893cam a2200265 a 4500 | ||
|---|---|---|---|
| 001 | 2912087 | ||
| 005 | 20250127101408.0 | ||
| 008 | 881227s1990 nyu b 001 0 eng | ||
| 020 | _a0075577321 | ||
| 050 | 0 | 0 |
_aHQ1154 _b.W936 1990 |
| 082 | 0 | 0 |
_a305.4/2 _219 |
| 245 | 0 | 0 |
_aWomen's voices : _bvisions and perspectives / _c[edited by] Pat C. Hoy II, Esther H. Schor, Robert DiYanni. |
| 260 |
_aNew York : _bMcGraw-Hill, _cc1990. |
||
| 300 |
_axvi, 696 p. ; _c24 cm. |
||
| 500 | _aIncludes index. | ||
| 650 | 0 |
_aFeminist theory _xHistory _xSources. |
|
| 650 | 0 |
_aFeminist criticism _xHistory _xSources. |
|
| 650 | 0 |
_aFeminism and literature _xHistory _xSources. |
|
| 650 | 0 |
_aWomen and literature _xHistory _xSources. |
|
| 650 | 0 |
_aLiterature _xWomen authors _xHistory and criticism. |
|
| 700 | 1 | _aHoy, Pat C. | |
| 700 | 1 | _aSchor, Esther H. | |
| 700 | 1 | _aDiYanni, Robert. | |
| 942 |
_2lcc _cBK _n0 |
||
| 999 |
_c3090 _d3090 |
||